000 00634cam a22002053a 4500
001 33653
003 PGUSA
005 20140828083728.0
008 100906s2010||||xxu|||||s|||||000 | eng d
040 _aPGUSA
_beng
042 _adc
100 1 _aHall, E. Raymond
_q(Eugene Raymond),
_d1902-1986
245 1 2 _aA New Pocket Gopher (Genus Thomomys) From Wyoming and Colorado
_h[electronic resource] /
_cE. Raymond Hall
260 _bProject Gutenberg,
_c2010
506 _aPublic domain in the USA.
516 _aElectronic text
830 0 _aProject Gutenberg
_v33653
856 4 0 _uhttp://www.gutenberg.org/ebooks/33653
942 _cEB
999 _c262908
_d262908